000 01028nam a2200277Ia 4500
001 Para_10153
003 CHAP
008 220125sNovi xx 000 0 und d
010 _a208847
040 _cCHAP
090 _aPA CD - TESIS 225
100 _aLeón González, Juan
_9125772
245 _aEvaluación in vitro de trichoderma spp. contra el complejo de marchitez (fusarium spp., Phytophthora sp. y Pythium sp.) e lechuga (Lactuca sativa L.) /
_c Juan León González; Director Bertha Tlapal Bolaños
260 _aChapingo, Méx. :
_b el autor
300 _a1 CDS ROM (46 p.)
502 _aTesis (Ing. Agr. Esp. en Parasitología Agrícola). UACh. Departamento Parasitología Agrícola
700 _aTlapal Bolaños, Bertha. Director
_9171336
710 _aUACh. Departamento Parasitología Agrícola
_9164025
901 _aPA CD - TESIS 225
902 _aM
905 _a513220Noviembre, 2012 an 8100000000 06
910 _aNovi
942 _cPARA
942 _cPARA
_d2
999 _c208847
_d208847